banner-ar

النبوة من علم العقائد الى فلسفة التاريخ / (Record no. 28332)

MARC details
000 -الفاتح
حقل البيانات ثابتة الطول 00655nam a2200217Ia 4500
008 - عناصر البيانات ثابتة الطول - معلومات عامة
حقل البيانات ثابتة الطول 140319s9999 xx 000 0 ara d
040 ## - مصدر الفهرسة
وكالة الفهرسة الأصلية GCL /
وكالة النسخ GCL
082 04 - رقم تصنيف ديوى العشرى
رقم التصنيف 242
رقم المادة ع ن
100 1# - المدخل الرئيسى - إسم شخصى
الإسم الشخصى على مبروك
245 10 - بيان العنوان
العنوان النبوة من علم العقائد الى فلسفة التاريخ /
بيان المسئوليه,etc على مبروك
260 ## - PUBLICATION, DISTRIBUTION, ETC. (IMPRINT)
تاريخ النشر أو التوزيع 1993
300 ## - الوصف المادى
التعداد 302 ص
490 ## - بيان السلسلة
عنوان السلسلة
650 04 - المدخل الاضافى بالموضوع-مصطلح موضوعى
مصطلح موضوعي الفلسفة الاسلامية
650 04 - المدخل الاضافى بالموضوع-مصطلح موضوعى
مصطلح موضوعي التوحيد
650 04 - المدخل الاضافى بالموضوع-مصطلح موضوعى
مصطلح موضوعي السمعيات
650 04 - المدخل الاضافى بالموضوع-مصطلح موضوعى
مصطلح موضوعي النبوات
650 04 - المدخل الاضافى بالموضوع-مصطلح موضوعى
مصطلح موضوعي علم الكلام
942 ## - عناصر المدخل الإضافي( كوها)
مصدر التصنيف او مخطط الترفيف Dewey Decimal Classification
Koha [default] item type كتاب
260 ## - PUBLICATION, DISTRIBUTION, ETC. (IMPRINT)
-- [S.N] :
-- دار التنوير للطباعة والنشر ،
Holdings
حالة التراجع حالة الفقد حالة تلف ليس للاعارة المكان المؤقت الموقع الحالى تاريخ الاكتساب اجمالي اﻻعارات رقم الطلب الباركود تاريخ اخر مشاهدة تاريخ تفعيل السعر نوع وعاء كوها
        مكتبة القاهرة الكبرى مكتبة القاهرة الكبرى 03/26/2014   242\ع ن 64672 03/26/2014 03/26/2014 كتاب

Powered By

EGPV